[Event "Piemonte-ch 06"]
[Site "Turin"]
[Date "2005.12.04"]
[Round "2"]
[White "Gussone, Claudio"]
[Black "Vozza, Nicola"]
[Result "1-0"]
[WhiteElo "1885"]
[BlackElo "1994"]
[PlyCount "105"]
[EventDate "2005.12.03"]
[EventType "swiss"]
[EventRounds "7"]
[EventCountry "ITA"]
[SourceTitle "EXT 2008"]
[Source "ChessBase"]
[SourceDate "2007.11.25"]
[SourceVersion "1"]
[SourceVersionDate "2007.11.25"]
[SourceQuality "1"]

1. d4 Nf6 2. c4 g6 3. Nc3 Bg7 4. Nf3 d6 5. g3 0-0 6. Bg2 Nbd7 7. e4 c5 8. d5 a6 9. 0-0 Ne8 10. Qd3 Nc7 11. Be3 b5 12. Rab1 bxc4 13. Qxc4 a5 14. Qa4 Nb6 15. Qc2 Ba6 16. Rfe1 Nb5 17. Nxb5 Bxb5 18. b3 Nd7 19. Bf1 Qb6 20. b4 Bxf1 21. bxc5 Qa6 22. Rxf1 Nxc5 23. Bd4 Bh6 24. Bxc5 Rac8 25. Nd4 Rxc5 26. Qd1 Qc4 27. Re1 Re8 28. a4 Qa2 29. Re2 Qxb1 30. Qxb1 Rc1+ 31. Qxc1 Bxc1 32. Rc2 Ba3 33. Nc6 Kf8 34. Kf1 e6 35. dxe6 Rxe6 36. Rc4 Bb4 37. Nxb4 axb4 38. Rxb4 Re5 39. Ke2 f6 40. h4 Ke7 41. Kd1 Kd7 42. Kc2 f5 43. f3 Kc6 44. Kd3 Rc5 45. Rc4 fxe4+ 46. fxe4 h6 47. g4 g5 48. hxg5 hxg5 49. a5 Kb5 50. Rxc5+ dxc5 51. e5 Kxa5 52. e6 Kb5 53. e7 1-0

[Event "Imperia op-A 47th"]
[Site "Imperia"]
[Date "2005.09.04"]
[Round "9"]
[White "Vozza, Nicola"]
[Black "Mercandelli, Claudio"]
[Result "1/2-1/2"]
[WhiteElo "2005"]
[BlackElo "2105"]
[PlyCount "28"]
[EventDate "2005.08.28"]
[EventType "swiss"]
[EventRounds "9"]
[EventCountry "ITA"]
[SourceTitle "EXT 2007"]
[Source "ChessBase"]
[SourceDate "2006.11.23"]
[SourceVersion "1"]
[SourceVersionDate "2006.11.23"]
[SourceQuality "1"]

1. d4 Nf6 2. e3 g6 3. Bd3 Bg7 4. Nd2 0-0 5. Ngf3 d6 6. b3 Nc6 7. Bb2 e5 8. dxe5 Ng4 9. Nc4 Ngxe5 10. Nfxe5 Nxe5 11. Nxe5 Bxe5 12. Bxe5 dxe5 13. Be4 c6 14. 0-0 Be6 1/2-1/2

[Event "Imperia op-A 47th"]
[Site "Imperia"]
[Date "2005.09.03"]
[Round "8"]
[White "Spatola, Davide"]
[Black "Vozza, Nicola"]
[Result "1-0"]
[WhiteElo "2102"]
[BlackElo "2005"]
[PlyCount "173"]
[EventDate "2005.08.28"]
[EventType "swiss"]
[EventRounds "9"]
[EventCountry "ITA"]
[SourceTitle "EXT 2022"]
[Source "ChessBase"]
[SourceDate "2021.10.06"]
[SourceVersion "1"]
[SourceVersionDate "2021.10.06"]
[SourceQuality "1"]

1. d4 Nf6 2. Bg5 Ne4 3. Bf4 c5 4. f3 Qa5+ 5. c3 Nf6 6. e4 cxd4 7. Qxd4 Nc6 8. Qe3 e5 9. Bg5 Bc5 10. Qd2 Qb6 11. Nh3 a5 12. Na3 d5 13. exd5 Bxa3 14. bxa3 Bxh3 15. Be3 Qd8 16. dxc6 Qxd2+ 17. Bxd2 Bf5 18. cxb7 Rb8 19. Bb5+ Bd7 20. Ba6 Nd5 21. c4 Nc7 22. Bb5 Nxb5 23. cxb5 a4 24. b6 Rxb7 25. Be3 Bf5 26. Rc1 Kd7 27. Kf2 Rc8 28. Rhd1+ Ke7 29. Rxc8 Bxc8 30. Bc5+ Ke8 31. Re1 Be6 32. Rxe5 Kd7 33. Re4 Kc6 34. Be3 Kb5 35. Rb4+ Ka5 36. g4 Bxa2 37. g5 Bb3 38. Kg3 Ka6 39. f4 Re7 40. Kf2 Kb7 41. f5 Re5 42. Rf4 Bc2 43. f6 gxf6 44. Rc4 Rf5+ 45. Kg3 Bd1 46. Rc7+ Kb8 47. Bf4 fxg5 48. Bd6 Rf3+ 49. Kg2 Rb3 50. Rxf7+ Kc8 51. Rc7+ Kd8 52. Be7+ Ke8 53. Bb4 Kd8 54. Rf7 g4 55. Rxh7 Bf3+ 56. Kf2 Kc8 57. Rc7+ Kb8 58. Ra7 Rd3 59. Rxa4 Kb7 60. Bc5 Rd2+ 61. Kf1 Rd1+ 62. Kf2 Rd2+ 63. Ke3 Re2+ 64. Kd3 Rxh2 65. Ra7+ Kc8 66. Rc7+ Kd8 67. Be7+ Ke8 68. b7 Bxb7 69. Rxb7 Rh7 70. Rb8+ Kd7 71. Bc5 Kc6 72. Bb4 Kc7 73. Rg8 Kb6 74. Rxg4 Kb5 75. Kc3 Rh3+ 76. Kb2 Rf3 77. Rg5+ Ka6 78. Bc3 Rf7 79. a4 Rb7+ 80. Ka3 Rb6 81. a5 Rb7 82. Ka4 Ka7 83. Rg6 Rb8 84. a6 Rb1 85. Bd4+ Ka8 86. a7 Kb7 87. Rg7+ 1-0

[Event "Imperia op-A 47th"]
[Site "Imperia"]
[Date "2005.09.01"]
[Round "6"]
[White "Del Dotto, Riccardo"]
[Black "Vozza, Nicola"]
[Result "1-0"]
[WhiteElo "2127"]
[BlackElo "2005"]
[PlyCount "53"]
[EventDate "2005.08.28"]
[EventType "swiss"]
[EventRounds "9"]
[EventCountry "ITA"]
[SourceTitle "EXT 2007"]
[Source "ChessBase"]
[SourceDate "2006.11.23"]
[SourceVersion "1"]
[SourceVersionDate "2006.11.23"]
[SourceQuality "1"]

1. d4 Nf6 2. Nf3 g6 3. Bf4 Bg7 4. h3 d6 5. e3 Nbd7 6. Be2 0-0 7. 0-0 b6 8. Bh2 Bb7 9. c3 c5 10. a4 a6 11. Nbd2 Ra7 12. Qb3 Qa8 13. Rfd1 b5 14. axb5 axb5 15. Rxa7 Qxa7 16. Bxb5 Rb8 17. Qc4 Bd5 18. Qe2 Qa2 19. e4 Bb3 20. Re1 Bc2 21. e5 Qxb2 22. exf6 Nxf6 23. Bc4 Rb7 24. dxc5 dxc5 25. Ng5 Qxc3 26. Nxf7 Kf8 27. Nd6 1-0

[Event "Imperia op-A 47th"]
[Site "Imperia"]
[Date "2005.08.31"]
[Round "4"]
[White "Faraci, Antonino"]
[Black "Vozza, Nicola"]
[Result "0-1"]
[WhiteElo "2067"]
[BlackElo "2005"]
[PlyCount "58"]
[EventDate "2005.08.28"]
[EventType "swiss"]
[EventRounds "9"]
[EventCountry "ITA"]
[SourceTitle "EXT 2007"]
[Source "ChessBase"]
[SourceDate "2006.11.23"]
[SourceVersion "1"]
[SourceVersionDate "2006.11.23"]
[SourceQuality "1"]

1. e4 e6 2. d4 d5 3. Nc3 Nf6 4. e5 Nfd7 5. Nf3 c5 6. dxc5 Bxc5 7. Bd3 Nc6 8. Qe2 0-0 9. Bxh7+ Kxh7 10. Ng5+ Kg6 11. Qd3+ f5 12. Nxe6 Qh4 13. g3 Qc4 14. Nxf8+ Nxf8 15. f4 Qxd3 16. cxd3 Be6 17. a3 Nd4 18. Rb1 Nb3 19. Bd2 Nd7 20. Ne2 Bb6 21. Nc1 Nd4 22. Bc3 Nf3+ 23. Ke2 d4 24. Bd2 Rc8 25. h3 Bd5 26. Rd1 Rh8 27. Rf1 Nh2 28. Rg1 Rxh3 29. Be1 Ng4 0-1

[Event "Imperia op-A 47th"]
[Site "Imperia"]
[Date "2005.08.31"]
[Round "5"]
[White "Vozza, Nicola"]
[Black "Fossati, Remigio"]
[Result "0-1"]
[WhiteElo "2005"]
[BlackElo "2133"]
[PlyCount "180"]
[EventDate "2005.08.28"]
[EventType "swiss"]
[EventRounds "9"]
[EventCountry "ITA"]
[SourceTitle "EXT 2022"]
[Source "ChessBase"]
[SourceDate "2021.10.06"]
[SourceVersion "1"]
[SourceVersionDate "2021.10.06"]
[SourceQuality "1"]

1. e4 c5 2. Nc3 e6 3. g3 d5 4. exd5 exd5 5. d3 Nf6 6. Bg5 Be7 7. Bg2 d4 8. Nce2 0-0 9. Nf3 Nc6 10. Bxf6 Bxf6 11. 0-0 Bf5 12. Nd2 Qd7 13. a4 Rfe8 14. a5 Rac8 15. Nc4 Ne5 16. Nxe5 Bxe5 17. b3 Re6 18. Qd2 Rce8 19. Rfe1 R8e7 20. Kh1 Qb5 21. Ng1 Bc7 22. Rxe6 Rxe6 23. Qg5 Bg6 24. Qd5 Bxa5 25. Qxb7 Qxb7 26. Bxb7 Bb6 27. Kg2 Kf8 28. Kf1 Re7 29. Ba6 Bf5 30. Bc4 Bd7 31. Re1 Ba5 32. Rxe7 Kxe7 33. Ke2 f6 34. Kf3 g5 35. Ke2 Bc3 36. Ba6 Kd6 37. f3 Kc7 38. g4 Kb6 39. Bc4 a5 40. Nh3 a4 41. bxa4 h5 42. Nf2 hxg4 43. fxg4 Kc7 44. Bb3 Bc6 45. Bc4 Kd6 46. Bb5 Bb7 47. Nd1 Bb4 48. Nb2 Bd5 49. Bc4 Ba3 50. Nd1 Bc6 51. Bb5 Bd5 52. a5 Bc1 53. Nf2 Bf4 54. h3 Kc7 55. Be8 Kb7 56. Bg6 Ka6 57. Be4 Ba2 58. Bg2 Bd6 59. Kd2 Kxa5 60. c3 dxc3+ 61. Kxc3 Be5+ 62. Kd2 Kb4 63. Bf1 Bd5 64. Kc2 Bd4 65. Nd1 Bf3 66. Kd2 Be5 67. Kc2 Bd4 68. Kd2 Kb5 69. Ne3 Kc6 70. Ng2 Kd6 71. Ne1 Bb7 72. Bg2 Bc8 73. Be4 Ke5 74. Ng2 c4 75. Bc6 c3+ 76. Kc2 f5 77. gxf5 Bxf5 78. Bf3 Bxh3 79. Ne1 Kf4 80. Bc6 Bf5 81. Kb3 Be6+ 82. Kb4 g4 83. Nc2 Ke5 84. Bg2 g3 85. Ne1 Bg4 86. Kc4 Bd1 87. Be4 c2 88. Nxc2 Bxc2 89. Bf3 Bb1 90. Kb3 Bxd3 0-1

[Event "Imperia op-A 47th"]
[Site "Imperia"]
[Date "2005.08.30"]
[Round "3"]
[White "Vozza, Nicola"]
[Black "Van Hoolandt, Patrick"]
[Result "0-1"]
[WhiteElo "2005"]
[BlackElo "2191"]
[PlyCount "58"]
[EventDate "2005.08.28"]
[EventType "swiss"]
[EventRounds "9"]
[EventCountry "ITA"]
[SourceTitle "EXT 2007"]
[Source "ChessBase"]
[SourceDate "2006.11.23"]
[SourceVersion "1"]
[SourceVersionDate "2006.11.23"]
[SourceQuality "1"]

1. d4 Nf6 2. e3 e6 3. c4 Bb4+ 4. Nc3 c5 5. Nf3 0-0 6. Bd3 Nc6 7. 0-0 Bxc3 8. bxc3 d6 9. e4 e5 10. d5 Ne7 11. Re1 Ng6 12. Bf1 h6 13. g3 Nh7 14. Bg2 f5 15. exf5 Bxf5 16. Nd2 Qd7 17. Ne4 Nf6 18. Nxf6+ Rxf6 19. f4 exf4 20. Re6 Bxe6 21. dxe6 Qe7 22. Rb1 Rb8 23. Qa4 Rxe6 24. Bd5 Kh7 25. Bxe6 Qxe6 26. Qxa7 Qe1+ 27. Kg2 f3+ 28. Kxf3 Rf8+ 29. Kg4 Qe6+ 0-1

[Event "Imperia op-A 47th"]
[Site "Imperia"]
[Date "2005.08.28"]
[Round "1"]
[White "Vozza, Nicola"]
[Black "Simek, Jiri"]
[Result "0-1"]
[WhiteElo "2005"]
[BlackElo "2193"]
[PlyCount "94"]
[EventDate "2005.08.28"]
[EventType "swiss"]
[EventRounds "9"]
[EventCountry "ITA"]
[SourceTitle "EXT 2022"]
[Source "ChessBase"]
[SourceDate "2021.10.06"]
[SourceVersion "1"]
[SourceVersionDate "2021.10.06"]
[SourceQuality "1"]

1. e4 e5 2. Nf3 Nc6 3. Bc4 Nf6 4. d3 Be7 5. 0-0 d6 6. a4 Bg4 7. c3 0-0 8. Nbd2 a6 9. a5 Qd7 10. Re1 Rfe8 11. Nf1 g6 12. h3 Be6 13. Bxe6 Qxe6 14. Ng3 Bf8 15. Bg5 Bg7 16. Bxf6 Bxf6 17. Nh2 Rad8 18. Ng4 Bg7 19. Ne3 Ne7 20. Qa4 d5 21. Rad1 c6 22. c4 d4 23. Nef1 f5 24. Nd2 f4 25. Ngf1 Bf6 26. c5 Nc8 27. Qc4 Kf7 28. Rc1 Rd7 29. Nb1 Bd8 30. Qa4 g5 31. f3 h5 32. Nh2 Rg8 33. Nd2 Na7 34. Ra1 Nb5 35. Qc4 Qxc4 36. Nxc4 Ke6 37. Rec1 Rdg7 38. Rc2 Be7 39. Nd2 Nc7 40. Ndf1 Ne8 41. b4 Nf6 42. Re2 g4 43. hxg4 hxg4 44. fxg4 Nxg4 45. Nxg4 Rxg4 46. Nh2 Rg3 47. Nf3 Rxf3 0-1

[Event "Torino Epifania op"]
[Site "Torino"]
[Date "2005.01.??"]
[Round "3"]
[White "Vozza, Nicola"]
[Black "Pulito, Alberto"]
[Result "0-1"]
[WhiteElo "2049"]
[BlackElo "2158"]
[PlyCount "76"]
[EventDate "2005.01.??"]
[EventType "swiss"]
[EventRounds "7"]
[EventCountry "ITA"]
[SourceTitle "EXT 2024"]
[Source "ChessBase"]
[SourceDate "2023.10.10"]
[SourceVersion "1"]
[SourceVersionDate "2023.10.10"]
[SourceQuality "1"]

1. d4 d5 2. c4 e6 3. Nc3 Nf6 4. cxd5 exd5 5. Bg5 c6 6. e3 Be7 7. Qc2 0-0 8. Bd3 Nbd7 9. Nge2 Re8 10. 0-0 Ne4 11. Bxe7 Qxe7 12. Bxe4 dxe4 13. Ng3 Nf6 14. f3 exf3 15. Rxf3 Bg4 16. Raf1 Bxf3 17. Rxf3 Rad8 18. Nf5 Qe6 19. Ne2 Qe4 20. Qb3 b6 21. Neg3 Qe6 22. Qc3 Rd5 23. Qc2 Rdd8 24. Qc3 Rd7 25. b3 Nd5 26. Qb2 g6 27. e4 gxf5 28. exd5 Rxd5 29. Qc2 Qe1+ 30. Rf1 Qe3+ 31. Kh1 f4 32. Qxc6 Rg5 33. Rf3 Qe1+ 34. Nf1 Re6 35. Qc8+ Re8 36. Qc6 Rg6 37. Qb5 Qe2 38. Qd7 Qxg2# 0-1

[Event "Torino Epifania op"]
[Site "Torino"]
[Date "2004.01.??"]
[Round "6"]
[White "Vozza, Nicola"]
[Black "Forno, Roberto"]
[Result "1-0"]
[WhiteElo "1807"]
[BlackElo "2023"]
[PlyCount "91"]
[EventDate "2004.01.??"]
[EventType "swiss"]
[EventRounds "6"]
[EventCountry "ITA"]
[SourceTitle "EXT 2024"]
[Source "ChessBase"]
[SourceDate "2023.10.10"]
[SourceVersion "1"]
[SourceVersionDate "2023.10.10"]
[SourceQuality "1"]

1. d4 d5 2. e3 Nf6 3. Bd3 Nc6 4. f4 Bg4 5. Nf3 e6 6. c3 Ne4 7. 0-0 Be7 8. Qc2 0-0 9. Nbd2 f5 10. h3 Bxf3 11. Rxf3 Bh4 12. Nf1 Qe8 13. Bd2 g5 14. g4 h5 15. Be1 hxg4 16. Bxh4 gxh4 17. hxg4 fxg4 18. Bxe4 gxf3 19. Bxf3 Kh8 20. Qh2 Qg6+ 21. Kh1 Rf7 22. Re1 Rg8 23. e4 Rxf4 24. Nd2 Qg3 25. Qxg3 Rxg3 26. exd5 exd5 27. Bxd5 Rfg4 28. Kh2 Kg7 29. Re2 Kf8 30. Ne4 Rg1 31. Nf6 Rg6 32. Re8+ Kg7 33. Nh5+ Kh6 34. Rh8+ Kg5 35. Kxg1 b6 36. Bf7 Rd6 37. Rg8+ Kf5 38. d5 Ne7 39. Be6+ Ke4 40. Rg4+ Ke5 41. c4 c6 42. Rg7 cxd5 43. Rxe7 Rxe6 44. Rxe6+ Kxe6 45. Nf4+ Ke5 46. cxd5 1-0

[Event "Torino Scaccomatto op"]
[Site "Torino"]
[Date "2004.??.??"]
[Round "6"]
[White "Vozza, Nicola"]
[Black "Fuggetta, Leonardo"]
[Result "0-1"]
[WhiteElo "2062"]
[BlackElo "2053"]
[PlyCount "114"]
[EventDate "2004.12.10"]
[EventType "swiss"]
[EventRounds "7"]
[EventCountry "ITA"]
[SourceTitle "EXT 2018"]
[Source "ChessBase"]
[SourceDate "2017.10.13"]
[SourceVersion "1"]
[SourceVersionDate "2017.10.13"]
[SourceQuality "1"]

1. e4 d6 2. d4 Nf6 3. Nc3 Nbd7 4. Nf3 e5 5. Bc4 Be7 6. 0-0 h6 7. Bb3 c6 8. a4 Qc7 9. Qe2 Nf8 10. dxe5 dxe5 11. Rd1 Bg4 12. h3 Be6 13. Bxe6 Nxe6 14. Qc4 0-0 15. a5 b5 16. axb6 axb6 17. Rxa8 Rxa8 18. b4 b5 19. Qb3 Ra1 20. Qb2 Ra8 21. Be3 Nd7 22. Ra1 Rxa1+ 23. Qxa1 Bxb4 24. Ne2 Bc5 25. Bc1 Qa7 26. Qxa7 Bxa7 27. Ng3 Nd4 28. Nxd4 Bxd4 29. Kf1 c5 30. Ke2 Nb6 31. Nf5 Kf8 32. f3 h5 33. g4 hxg4 34. hxg4 Nc8 35. Ba3 b4 36. Bc1 g6 37. Nxd4 exd4 38. Kd3 Nb6 39. Bf4 Ke7 40. Bc7 Na8 41. Bb8 Kd7 42. f4 Kc6 43. Ba7 Nb6 44. f5 Kb7 45. Bxb6 Kxb6 46. Kc4 Kc6 47. e5 gxf5 48. gxf5 Kd7 49. Kd3 Kc7 50. Kc4 Kc6 51. f6 Kd7 52. Kd3 Ke6 53. Ke4 c4 54. Kxd4 b3 55. cxb3 cxb3 56. Kc3 Kxe5 57. Kxb3 Kxf6 0-1

[Event "Turin Piemonte op 5th"]
[Site "Turin"]
[Date "2003.12.08"]
[Round "7"]
[White "Vozza, Nicola"]
[Black "Sorcinelli, Francesco"]
[Result "1-0"]
[WhiteElo "1735"]
[BlackElo "2122"]
[PlyCount "66"]
[EventDate "2003.12.04"]
[EventType "swiss"]
[EventRounds "7"]
[EventCountry "ITA"]
[SourceTitle "EXT 2008"]
[Source "ChessBase"]
[SourceDate "2007.11.25"]
[SourceVersion "1"]
[SourceVersionDate "2007.11.25"]
[SourceQuality "1"]

1. d4 Nf6 2. c4 c5 3. d5 e6 4. Nc3 g6 5. e4 exd5 6. cxd5 d6 7. Bd3 Bg7 8. Nge2 0-0 9. 0-0 Re8 10. h3 Na6 11. f4 Nc7 12. Ng3 Rb8 13. a4 a6 14. Qf3 b5 15. axb5 axb5 16. e5 dxe5 17. f5 e4 18. Ncxe4 Qxd5 19. fxg6 Qd4+ 20. Be3 Qxd3 21. Nxf6+ Kh8 22. Nxe8 Bb7 23. Qf4 Rxe8 24. gxf7 Rf8 25. Rad1 Qc2 26. Rd2 Qb3 27. Nf5 Nd5 28. Rxd5 Qxd5 29. Qg4 Bxb2 30. Rf2 Qd3 31. Bxc5 Qb1+ 32. Rf1 Qxf1+ 33. Kxf1 Rxf7 1-0